000 nam a22 7a 4500
999 _c50326
_d50326
003 OSt
005 20201214115547.0
008 201214b xxu||||| |||| 00| 0 eng d
040 _cIIMTDDUMC
100 _aDWIVEDI D.N
245 _aMANAGERIAL ECONOMICS
250 _aSEVENTH EDITION
260 _aDELHI
_bVIKAS PUB. HOUSE PVT LTD
300 _a704
942 _2ddc
_c02